Responses for Show #652 - Tuesday, June 9, 1987

Jonathan Fellows game 2.

Contestants

[<< previous game]

Alan Levin, an aerospace engineer originally from Los Altos, California

Diana Blaney, a graduate student originally from Ashville, Ohio

Jonathan Fellows, a legislative assistant originally from Bellevue, Washington (whose 1-day cash winnings total $12,200)

[next game >>]

Jeopardy! Round responses

1986
MOTHER GOOSE
THE B&O RAILROAD
NICKNAMES
3-LETTER FOODS
ONE SONG
    $100 1
movies

Jonathan
    $100 12
(Diana: What is "[*]
Have you any wool?)
(Alex: That's it, the first and the second line.)

Baa, baa, black sheep

Diana
    $100 17
Baltimore & Ohio

Jonathan
    $100 7
Scarface

Jonathan
    $100 21
bun

Jonathan
    $100 6
(Jonathan: What is "I'm [*]"?)

"Leaving On A Jet Plane"

Jonathan
    $200 2
(Jonathan: Who is Webster?)
...
(Alex: Sorry, Alan, you didn't ring in quite in time.)

Michael J. Fox

Jonathan
Triple Stumper
    $200 13
(Alan: What is spring?)

summer

Alan
Triple Stumper
    $200 18
Declaration of Independence

Alan
    $200 8
Idaho

Jonathan
    $200 22
(Alex: [After next clue selection] With a minute to go.)

a fig

Jonathan
    $200 11
John Denver

Diana
    $500 3
(Alex: If only our government could get out of a deficit situation that quickly.)

Los Angeles, California & Washington, D.C.

Jonathan
    $300 14
Cock-a-doodle-doo

Triple Stumper
    $300 26
(Jonathan: What is the Chesapeake & Ohio?)

Amtrak

JonathanAlan
    $300 9
Richard Gatling

Jonathan
    $300 23
a ham

Alan
    $300 20
early morning

Jonathan
    $400 4
Iraq

Jonathan
    $400 15
to market, to market

Triple Stumper
    $400 10
Lucifer (the Devil)

Alan
    $400 24
an egg

Alan
    $400 27
taxi

Alan
    $500 5
February

Diana
    $500 16
(Alex: [*] Where shall I wander? Upstairs, downstairs, in my lady’s chamber.)
[Laughter]

Goosey Goosey Gander

Triple Stumper
    $500 19
(Diana: Who is Rick?)
...
(Alex: His name was Kasper Gutman, but he was known as [*].)

"The Fat Man"

Diana
Triple Stumper
    $500 25
jam

Jonathan
    $500 28
[The end-of-round signal sounds.]

Yarrow, Travers & Stookey

Triple Stumper

Scores at the first commercial break (after clue 11):

Jonathan Diana Alan
$1,500 $700 $400

Scores at the end of the Jeopardy! Round:

Jonathan Diana Alan
$2,400 $300 $1,800

Double Jeopardy! Round responses

BRITISH LITERATURE
SCIENCE TRIVIA
BIBLICAL PAIRS
(Alex: We'll have two people in each correct response.)
ZIMBABWE
AWARDS
FAMOUS RALPHS
    $200 24
(Diana: [*], what is [*]?)

lord

Diana
    $200 1
Mars

Alan
    $200 11
Cain & Abel

Jonathan
    $200 6
Zimbabwe's national anthem

Jonathan
    $200 7
Vietnam

Jonathan
    $200 20
Ralph Lauren

Alan
    $400 25
(Alex: We've got less than a minute to go.)

Treasure Island

Jonathan
    $400 2
a quarantine

Alan
    $400 13
Joseph & Mary

Diana
    $400 15
president

Alan
    $400 8
the Pulitzer Prize

Jonathan
    $400 21
Ralph Malph

Alan
    $600 26
James Hilton

Triple Stumper
    $600 3
Panama

Diana
    $600 14
Samson & Delilah

Alan
    $600 16
the Zambezi

Jonathan
    $600 9
Kenny Rogers

Triple Stumper
    $600 22
(Alex: Yes, Hakeem Olajuwon is the other half.)

Ralph Sampson

Jonathan
    $800 27
the 20th century

Diana
    $800 4
a cobble

Alan
    $800 17
Aaron & Moses

Alan
    $800 18
Salisbury

Alan
    $800 10
Judd Hirsch

Diana
    $800 23
Ralph de Bricassart

Triple Stumper
    $1000 28
Alfred Lord Tennyson

Diana
    $1000 5
(Diana: Who is Newton?)
[Alex says Jean-Augustin.]

Augustin-Jean Fresnel

Diana
Triple Stumper
    $1000 29
(Jonathan: Who is Abraham and Ruth?)
(Diana: Who are Abraham and Esther?)

Abraham & Sarah

JonathanDiana
Triple Stumper
    $800 19
(Alan: What are Kenya & Tanzania?)

(2 of) South Africa, Zambia, Botswana & Mozambique

Alan
    $1,000 12
Lyndon Johnson

Jonathan
    $1000 30
Ralph Bunche

Jonathan

Scores at the end of the Double Jeopardy! Round:

Jonathan Diana Alan
$6,000 $2,100 $5,600

[wagering suggestions for these scores]

Final Jeopardy! Round responses

SPECTATOR SPORTS
DianaWhat is the U.S. Boxing Team
$1,100
AlanWho are the Harlem Globetrotters?
$3,799
JonathanWho are the Harlem Globetrotters?
$5,201
the Harlem Globetrotters

Final scores:

Jonathan Diana Alan
$11,201 $1,000 $9,399
2-day champion: $23,401 3rd place: Planeta Vitalizer Hydromassage 2nd place: trip on Delta to New Orleans & stay at Bienville House Hotel

Game dynamics:

Coryat scores:

Jonathan Diana Alan
$5,800 $2,100 $6,400
21 R
(including 2 DDs),
3 W
9 R,
3 W
15 R,
2 W
(including 1 DD)

Combined Coryat: $14,300

[game clues] [game scores] [suggest correction]

Game tape date: 1987-01-20
The J! Archive is created by fans, for fans. Scraping, republication, monetization, and malicious use prohibited; this site may use cookies and collect identifying information. See terms. The Jeopardy! game show and all elements thereof, including but not limited to copyright and trademark thereto, are the property of Jeopardy Productions, Inc. and are protected under law. This website is not affiliated with, sponsored by, or operated by Jeopardy Productions, Inc. Join the discussion at JBoard.tv.